[Event "ALG-chT"]
[Site "Ain Oulmane"]
[Date "2019.11.01"]
[Round "1.3"]
[White "Aissou, Lotfi"]
[Black "Bettine, Hakim"]
[Result "1-0"]
[WhiteElo "1529"]
[BlackElo "1901"]
[PlyCount "135"]
[EventDate "2019.11.01"]
[EventType "team-swiss"]
[EventRounds "9"]
[EventCountry "ALG"]
[SourceTitle "EXT 2021"]
[Source "ChessBase"]
[SourceDate "2020.10.23"]
[SourceVersion "1"]
[SourceVersionDate "2020.10.23"]
[SourceQuality "1"]
[WhiteTeam "Bejaia CS"]
[BlackTeam "Biskra US"]
[WhiteTeamCountry "ALG"]
[BlackTeamCountry "ALG"]

1. e4 c5 2. Nf3 d6 3. d4 cxd4 4. Nxd4 Nf6 5. Nc3 a6 6. Be2 e6 7. Be3 Be7 8. f4 Nbd7 9. Bf3 Qc7 10. 0-0 Rb8 11. a4 Nb6 12. Bf2 Nc4 13. Qc1 Bd7 14. g4 h5 15. g5 Ng4 16. h3 Nxf2 17. Rxf2 Rc8 18. Nce2 Qb6 19. Rb1 e5 20. Nf5 Bxf5 21. exf5 d5 22. b4 e4 23. Bg2 Ne3 24. a5 Qa7 25. Qb2 Rxc2 26. Qxg7 Rf8 27. Qe5 f6 28. gxf6 Rxf6 29. Nd4 Rxf2 30. Kxf2 Nc4 31. Qxd5 Rd6 32. Qxc4 Rxd4 33. Qg8+ Kd7 34. Qe6+ Kd8 35. Ke2 Rd6 36. Qxe4 Bh4 37. Qe3 Qb8 38. Rd1 Qc7 39. Rxd6+ Qxd6 40. Qd3 Kc7 41. Qxd6+ Kxd6 42. Bxb7 Kc7 43. Bxa6 Be7 44. b5 Bb4 45. f6 Bxa5 46. Ke3 Kd7 47. f5 Ke8 48. Kf4 Kf7 49. Kg5 h4 50. Kxh4 Kxf6 51. Kg4 Bb6 52. Bb7 Bc5 53. h4 Be3 54. Bc8 Bf2 55. h5 Be3 56. Kf3 Bb6 57. Kf4 Bc7+ 58. Kg4 Kg7 59. Bd7 Bb6 60. Be8 Be3 61. Kf3 Bg1 62. Ke4 Kf8 63. Bg6 Ke7 64. h6 Kf6 65. h7 Kg7 66. f6+ Kh8 67. f7 Bc5 68. b6 1-0